| 000 | 00397nam a2200157Ia 4500 | ||
|---|---|---|---|
| 005 | 20250923144257.0 | ||
| 008 | 008 250917s9999 xx 000 0 eng d | ||
| 037 | _aTextual | ||
| 040 |
_aDSWL _beng _cDSWL |
||
| 041 |
_aeng _2eng |
||
| 084 | _qDSWL | ||
| 100 |
_aFink, A.E _9823135 |
||
| 245 | 0 |
_aField of social work _cby A.E Fink |
|
| 942 | _cTEXL | ||
| 999 |
_c1436909 _d1436909 |
||